| 000 | 00457nam a2200169 i 4500 | ||
|---|---|---|---|
| 001 | 141823 | ||
| 003 | ES-MaACL | ||
| 005 | 20230906200357.0 | ||
| 007 | t| | ||
| 008 | 070928s1960 sp ||||1| spa d | ||
| 080 | _a86-14"19" | ||
| 100 | 1 |
_aViña, Carlos de la. _9115355 |
|
| 245 | 1 | 0 |
_aYo me llamaba Carlos _b: poemas / _cCarlos de la Viña. |
| 260 |
_aMadrid : _b[s.n.], _c1960. |
||
| 300 |
_a103 p. ; _c24 cm. |
||
| 852 |
_aES-MaACL _jF-6281 _bR.48093 |
||
| 999 |
_c141823 _d141823 |
||